Introduction to information systems : An internetworked enterprise perspective

Bibliographic Details
Main Author: O'brien, James A.
Format: Book
Published: Boston : Irwin McGraw-Hill , 1998
Subjects:

MARC

LEADER 00000cam a2200000 7i4500
001 0000013937
005 20050505.0
020 |a 0071158065 
040 |a INS 
090 0 0 |a HD30.213   |b O27 1998 
100 1 |a O'brien, James A. 
245 1 0 |a Introduction to information systems :   |b An internetworked enterprise perspective   |c James A.O'brien 
260 |a Boston :   |b Irwin McGraw-Hill ,   |c 1998 
300 |a viii :   |b 1-22p ;   |c 25cm. 
650 0 0 |a Business enterprises   |x Communication systems 
650 0 0 |a End-user computing 
650 0 0 |a Information technology 
650 0 0 |a Management information systems 
999 |a 0000009748   |b BOOK   |c Open Shelf   |e Default branch